| 000 | 00580nam a22001817a 4500 | ||
|---|---|---|---|
| 003 | OSt | ||
| 005 | 20131018112238.0 | ||
| 008 | 130611s1978 sp ||||| |||| 00| 0 spa d | ||
| 040 | _cCDMR | ||
| 100 | 1 |
_93733 _aAguilar Piñal, Francisco |
|
| 245 | 1 | 3 |
_aLa prensa española en el siglo XVIII _b: diarios, revistas y pronósticos _cFrancisco Aguilar Piñal |
| 260 |
_aMadrid _bC.S.I.C. _c1978 |
||
| 300 | _a134 p. | ||
| 490 |
_aCuadernos Bibliográficos _v35 |
||
| 650 | 0 | 4 |
_93729 _aPremsa _xHistòria _zEspanya |
| 650 | 0 | 4 |
_94083 _aPremsa _zEspanya _vBibliografia _yS. XVIII |
| 942 |
_2udc _cMON |
||
| 999 |
_c6435 _d6435 |
||